000 00554nam a2200205 a 4500
001 23170
003 CO-ViMGA
008 141112s2004 ck r 000 u spa d
020 _a968245564
040 _aCO-ViMGA
_bspa
_cCO-ViMGA
082 0 4 _a155.5 I781a
100 1 _aItuarte ge Ardavin, Ángeles
_933385
245 1 0 _aAdolescencia y personalidad
260 _aMéxico :
_bTrillas
300 _a166p.
650 1 4 _aJUVENTUD - ASPECTOS PERSONALES
_933386
650 1 4 _aPERSONALIDAD
650 1 4 _aPSICOLOGIA DEL ADOLESCENTE
_916706
942 _2ddc
_cBK
999 _c31423
_d31423